<?xml version="1.0" encoding="UTF-8"?>
<record
    xmlns:xsi="http://www.w3.org/2001/XMLSchema-instance"
    xsi:schemaLocation="http://www.loc.gov/MARC21/slim http://www.loc.gov/standards/marcxml/schema/MARC21slim.xsd"
    xmlns="http://www.loc.gov/MARC21/slim">

  <leader>03165nam a22004337a 4500</leader>
  <controlfield tag="005">20081006144546.0</controlfield>
  <controlfield tag="008">081006t        xxu||||| |||| 00| 0 hin d</controlfield>
  <datafield tag="010" ind1=" " ind2=" ">
    <subfield code="a">HIN-84302-307</subfield>
  </datafield>
  <datafield tag="020" ind1=" " ind2=" ">
    <subfield code="a">9788181436856</subfield>
    <subfield code="c">5000.00 (&#x938;&#x947;&#x91F;)</subfield>
  </datafield>
  <datafield tag="020" ind1=" " ind2=" ">
    <subfield code="a">9788181436870</subfield>
  </datafield>
  <datafield tag="020" ind1=" " ind2=" ">
    <subfield code="a">9788181436887</subfield>
  </datafield>
  <datafield tag="020" ind1=" " ind2=" ">
    <subfield code="a">9788181436863</subfield>
  </datafield>
  <datafield tag="020" ind1=" " ind2=" ">
    <subfield code="a">9788181436894</subfield>
  </datafield>
  <datafield tag="020" ind1=" " ind2=" ">
    <subfield code="a">9788181437723</subfield>
  </datafield>
  <datafield tag="035" ind1=" " ind2=" ">
    <subfield code="a">HN-56648-653</subfield>
  </datafield>
  <datafield tag="037" ind1=" " ind2=" ">
    <subfield code="b">DBAD / PUB</subfield>
  </datafield>
  <datafield tag="040" ind1=" " ind2=" ">
    <subfield code="a">DPL</subfield>
    <subfield code="b">HN</subfield>
  </datafield>
  <datafield tag="082" ind1=" " ind2=" ">
    <subfield code="a">820.92</subfield>
  </datafield>
  <datafield tag="245" ind1=" " ind2=" ">
    <subfield code="a">&#x92A;&#x902;. &#x915;&#x93F;&#x936;&#x94B;&#x930;&#x940;&#x926;&#x93E;&#x938; &#x935;&#x93E;&#x91C;&#x92A;&#x947;&#x92F;&#x940; &#x917;&#x94D;&#x930;&#x902;&#x925;&#x93E;&#x935;&#x932;&#x940; /</subfield>
    <subfield code="c">&#x935;&#x93F;&#x937;&#x94D;&#x923;&#x941;&#x926;&#x924;&#x94D;&#x924; &#x930;&#x93E;&#x915;&#x947;&#x936; &#x926;&#x94D;&#x935;&#x93E;&#x930;&#x93E; &#x938;&#x902;&#x92A;&#x93E;&#x926;&#x93F;&#x924;</subfield>
  </datafield>
  <datafield tag="246" ind1=" " ind2=" ">
    <subfield code="a">Pt. Kishori Das Vajpayee Granthavali</subfield>
    <subfield code="b">edited by Vishnu Datt Rakesh</subfield>
  </datafield>
  <datafield tag="260" ind1=" " ind2=" ">
    <subfield code="a">&#x928;&#x908; &#x926;&#x93F;&#x932;&#x94D;&#x932;&#x940;</subfield>
    <subfield code="b">&#x935;&#x93E;&#x923;&#x940; &#x92A;&#x94D;&#x930;&#x915;&#x93E;&#x936;&#x928;</subfield>
    <subfield code="c">2008</subfield>
  </datafield>
  <datafield tag="270" ind1=" " ind2=" ">
    <subfield code="a">21-&#x90F;, &#x926;&#x930;&#x93F;&#x92F;&#x93E;&#x917;&#x902;&#x91C;</subfield>
    <subfield code="b">&#x928;&#x908; &#x926;&#x93F;&#x932;&#x94D;&#x932;&#x940;</subfield>
    <subfield code="e">110002</subfield>
    <subfield code="k">011 23273167, 23275710, 41562622</subfield>
    <subfield code="l">011 23275710</subfield>
    <subfield code="m">vaniprakashan@gmail.com</subfield>
  </datafield>
  <datafield tag="300" ind1=" " ind2=" ">
    <subfield code="a">6&#x92D;&#x93E;&#x917;, 399&#x92A;&#x943;; 567&#x92A;&#x943;; 526&#x92A;&#x943;; 462&#x92A;&#x943;; 599&#x92A;&#x943;; 340&#x92A;&#x943;</subfield>
    <subfield code="c">22&#x938;&#x947;&#x92E;&#x940; (&#x938;&#x91C;&#x93F;&#x932;&#x94D;&#x926;)</subfield>
  </datafield>
  <datafield tag="500" ind1=" " ind2=" ">
    <subfield code="a">6 &#x92D;&#x93E;&#x917;&#x94B;&#x902; &#x92E;&#x947;&#x902; &#x92A;&#x94D;&#x930;&#x915;&#x93E;&#x936;&#x93F;&#x924; &#x964;</subfield>
  </datafield>
  <datafield tag="600" ind1=" " ind2=" ">
    <subfield code="a">&#x935;&#x93E;&#x91C;&#x92A;&#x947;&#x92F;&#x940;, &#x915;&#x93F;&#x936;&#x94B;&#x930;&#x940;&#x926;&#x93E;&#x938;</subfield>
  </datafield>
  <datafield tag="600" ind1=" " ind2=" ">
    <subfield code="a">Vajpeyi, Kishoridas</subfield>
  </datafield>
  <datafield tag="650" ind1=" " ind2=" ">
    <subfield code="a">&#x939;&#x93F;&#x928;&#x94D;&#x926;&#x940; &#x938;&#x93E;&#x939;&#x93F;&#x924;&#x94D;&#x92F;</subfield>
    <subfield code="x">&#x935;&#x94D;&#x92F;&#x93E;&#x916;&#x94D;&#x92F;&#x93E; &#x90F;&#x935;&#x902; &#x938;&#x92E;&#x93E;&#x932;&#x94B;&#x91A;&#x928;&#x93E;</subfield>
  </datafield>
  <datafield tag="650" ind1=" " ind2=" ">
    <subfield code="a">Hindi literature</subfield>
    <subfield code="x">Interpretation and Criticism</subfield>
  </datafield>
  <datafield tag="650" ind1=" " ind2=" ">
    <subfield code="a">&#x939;&#x93F;&#x928;&#x94D;&#x926;&#x940; &#x92D;&#x93E;&#x937;&#x93E;</subfield>
    <subfield code="x">&#x907;&#x924;&#x93F;&#x939;&#x93E;&#x938; &#x90F;&#x935;&#x902; &#x938;&#x92E;&#x93E;&#x932;&#x94B;&#x91A;&#x928;&#x93E;</subfield>
  </datafield>
  <datafield tag="650" ind1=" " ind2=" ">
    <subfield code="a">Hindi language</subfield>
    <subfield code="x">History and Criticism</subfield>
  </datafield>
  <datafield tag="700" ind1=" " ind2=" ">
    <subfield code="a">&#x935;&#x93F;&#x937;&#x94D;&#x923;&#x941;&#x926;&#x924;&#x94D;&#x924; &#x930;&#x93E;&#x915;&#x947;&#x936;</subfield>
  </datafield>
  <datafield tag="942" ind1=" " ind2=" ">
    <subfield code="2">ddc</subfield>
    <subfield code="c">HN</subfield>
    <subfield code="m">&#x92A;&#x902;&#x915;&#x93F;&#x936;&#x94B;</subfield>
    <subfield code="h">820.92</subfield>
  </datafield>
  <datafield tag="999" ind1=" " ind2=" ">
    <subfield code="c">16275</subfield>
    <subfield code="d">16275</subfield>
  </datafield>
  <datafield tag="952" ind1=" " ind2=" ">
    <subfield code="0">0</subfield>
    <subfield code="1">0</subfield>
    <subfield code="2">ddc</subfield>
    <subfield code="3">&#x92D;&#x93E;&#x917;-1</subfield>
    <subfield code="4">0</subfield>
    <subfield code="7">1</subfield>
    <subfield code="8">NFIC</subfield>
    <subfield code="a">DBAD</subfield>
    <subfield code="b">DBAD</subfield>
    <subfield code="d">2008-10-06</subfield>
    <subfield code="e">DBAD / PUB</subfield>
    <subfield code="g">5000.00</subfield>
    <subfield code="l">0</subfield>
    <subfield code="o">820.92 &#x92A;&#x902;&#x915;&#x93F;&#x936;&#x94B;</subfield>
    <subfield code="p">HN-56648</subfield>
    <subfield code="r">2008-10-06 00:00:00</subfield>
    <subfield code="t">1</subfield>
    <subfield code="v">5000.00</subfield>
    <subfield code="w">2008-10-06</subfield>
    <subfield code="y">HN</subfield>
    <subfield code="z">&#x92D;&#x93E;&#x917;-1</subfield>
  </datafield>
  <datafield tag="952" ind1=" " ind2=" ">
    <subfield code="0">0</subfield>
    <subfield code="1">0</subfield>
    <subfield code="2">ddc</subfield>
    <subfield code="3">&#x92D;&#x93E;&#x917;-2</subfield>
    <subfield code="4">0</subfield>
    <subfield code="7">1</subfield>
    <subfield code="8">NFIC</subfield>
    <subfield code="a">DBAD</subfield>
    <subfield code="b">DBAD</subfield>
    <subfield code="d">2008-10-06</subfield>
    <subfield code="e">DBAD / PUB</subfield>
    <subfield code="g">5000.00</subfield>
    <subfield code="l">0</subfield>
    <subfield code="o">820.92 &#x92A;&#x902;&#x915;&#x93F;&#x936;&#x94B;</subfield>
    <subfield code="p">HN-56649</subfield>
    <subfield code="r">2008-10-06 00:00:00</subfield>
    <subfield code="t">1</subfield>
    <subfield code="v">500.00</subfield>
    <subfield code="w">2008-10-06</subfield>
    <subfield code="y">HN</subfield>
    <subfield code="z">&#x92D;&#x93E;&#x917;-2</subfield>
  </datafield>
  <datafield tag="952" ind1=" " ind2=" ">
    <subfield code="0">0</subfield>
    <subfield code="1">0</subfield>
    <subfield code="2">ddc</subfield>
    <subfield code="3">&#x92D;&#x93E;&#x917;-3</subfield>
    <subfield code="4">0</subfield>
    <subfield code="7">1</subfield>
    <subfield code="8">NFIC</subfield>
    <subfield code="a">DBAD</subfield>
    <subfield code="b">DBAD</subfield>
    <subfield code="d">2008-10-06</subfield>
    <subfield code="e">DBAD / PUB</subfield>
    <subfield code="g">5000.00</subfield>
    <subfield code="l">0</subfield>
    <subfield code="o">820.92 &#x92A;&#x902;&#x915;&#x93F;&#x936;&#x94B;</subfield>
    <subfield code="p">HN-56650</subfield>
    <subfield code="r">2008-10-06 00:00:00</subfield>
    <subfield code="t">1</subfield>
    <subfield code="v">5000.00</subfield>
    <subfield code="w">2008-10-06</subfield>
    <subfield code="y">HN</subfield>
    <subfield code="z">&#x92D;&#x93E;&#x917;-3</subfield>
  </datafield>
  <datafield tag="952" ind1=" " ind2=" ">
    <subfield code="0">0</subfield>
    <subfield code="1">0</subfield>
    <subfield code="2">ddc</subfield>
    <subfield code="3">&#x92D;&#x93E;&#x917;-4</subfield>
    <subfield code="4">0</subfield>
    <subfield code="7">1</subfield>
    <subfield code="8">NFIC</subfield>
    <subfield code="a">DBAD</subfield>
    <subfield code="b">DBAD</subfield>
    <subfield code="d">2008-10-06</subfield>
    <subfield code="e">DBAD / PUB</subfield>
    <subfield code="g">5000.00</subfield>
    <subfield code="l">0</subfield>
    <subfield code="o">820.92 &#x92A;&#x902;&#x915;&#x93F;&#x936;&#x94B;</subfield>
    <subfield code="p">HN-56651</subfield>
    <subfield code="r">2008-10-06 00:00:00</subfield>
    <subfield code="t">1</subfield>
    <subfield code="v">5000.00</subfield>
    <subfield code="w">2008-10-06</subfield>
    <subfield code="y">HN</subfield>
    <subfield code="z">&#x92D;&#x93E;&#x917;-4</subfield>
  </datafield>
  <datafield tag="952" ind1=" " ind2=" ">
    <subfield code="0">0</subfield>
    <subfield code="1">0</subfield>
    <subfield code="2">ddc</subfield>
    <subfield code="3">&#x92D;&#x93E;&#x917;-5</subfield>
    <subfield code="4">0</subfield>
    <subfield code="7">1</subfield>
    <subfield code="8">NFIC</subfield>
    <subfield code="a">DBAD</subfield>
    <subfield code="b">DBAD</subfield>
    <subfield code="d">2008-10-06</subfield>
    <subfield code="e">DBAD / PUB</subfield>
    <subfield code="g">5000.00</subfield>
    <subfield code="l">0</subfield>
    <subfield code="o">820.92 &#x92A;&#x902;&#x915;&#x93F;&#x936;&#x94B;</subfield>
    <subfield code="p">HN-56652</subfield>
    <subfield code="r">2008-10-06 00:00:00</subfield>
    <subfield code="t">1</subfield>
    <subfield code="v">5000.00</subfield>
    <subfield code="w">2008-10-06</subfield>
    <subfield code="y">HN</subfield>
    <subfield code="z">&#x92D;&#x93E;&#x917;-5</subfield>
  </datafield>
  <datafield tag="952" ind1=" " ind2=" ">
    <subfield code="0">0</subfield>
    <subfield code="1">0</subfield>
    <subfield code="2">ddc</subfield>
    <subfield code="3">&#x92D;&#x93E;&#x917;-6</subfield>
    <subfield code="4">0</subfield>
    <subfield code="7">1</subfield>
    <subfield code="8">NFIC</subfield>
    <subfield code="a">DBAD</subfield>
    <subfield code="b">DBAD</subfield>
    <subfield code="d">2008-10-06</subfield>
    <subfield code="e">DBAD / PUB</subfield>
    <subfield code="g">5000.00</subfield>
    <subfield code="l">0</subfield>
    <subfield code="o">820.92 &#x92A;&#x902;&#x915;&#x93F;&#x936;&#x94B;</subfield>
    <subfield code="p">HN-56653</subfield>
    <subfield code="r">2008-10-06 00:00:00</subfield>
    <subfield code="t">1</subfield>
    <subfield code="v">5000.00</subfield>
    <subfield code="w">2008-10-06</subfield>
    <subfield code="y">HN</subfield>
    <subfield code="z">&#x92D;&#x93E;&#x917;-6</subfield>
  </datafield>
</record>
